Felnőttek gyakorlati helyen való képzése a szállodaiparban

Bibliográfiai részletek
Szerző: Lukács Rita
További közreműködők: Popcsa Anna Mária
Dokumentumtípus: Diplomadolgozat
Kulcsszavak:felsőoktatás
gazdaságtudomány
gyakorlati oktatás
szállodaipar
turizmus
Online Access:http://dolgozattar.uni-bge.hu/60265

MARC

LEADER 00000nta a2200000 i 4500
001 dolg60265
005 20260409150220.0
008 260409suuuu hu om 000 hun d
040 |a BGE Dolgozattár Repozitórium  |b hun 
041 |a hu 
100 1 |a Lukács Rita 
245 1 0 |a Felnőttek gyakorlati helyen való képzése a szállodaiparban  |c Lukács Rita  |h [elektronikus dokumentum] 
520 3 |a A dolgozat bemutatja a turizmus és ezen belül a szállodai oktatás lehetőségeit, jelenlegi helyzetét. Igyekszik rávilágítani a gyakorlati oktatás jelentőségére. Ismerteti a duális képzés történetét, jelenetőségét és jelenlegi eredményeit. A kutatás egykori hallgatók képzését, motiváltságát elemzi, mi alapján választották a turizmust és a szállodaipart. Foglalkozik azzal, hogy ezen hallgatók hogyan képzelik el a jövőjüket a turizmusban. A statisztikai adatok elemzik mekkora arányban csökken a turizmusban hallgatók és elhelyezkedők száma. 
695 |a felsőoktatás 
695 |a gazdaságtudomány 
695 |a gyakorlati oktatás 
695 |a szállodaipar 
695 |a turizmus 
700 1 |a Popcsa Anna Mária  |e ths 
856 4 0 |u http://dolgozattar.uni-bge.hu/60265/1/Feln%C5%91ttek%20gyakorlati%20helyen%20val%C3%B3%20k%C3%A9pz%C3%A9se%20a%20sz%C3%A1llodaiparban.pdf  |z Dokumentum-elérés 
856 4 0 |u http://dolgozattar.uni-bge.hu/60265/2/Szakoktat%C3%B3%20BA_Luk%C3%A1cs%20Rita.pdf  |z Dokumentum-elérés 
856 4 0 |u http://dolgozattar.uni-bge.hu/60265/3/Luk%C3%A1cs%20R.%20.pdf  |z Dokumentum-elérés